000 01989cam a2200457 a 4500
001 55932
005 20230410132843.0
008 850923r19841953sp a b f001 0aspa
010 _a 85208284
035 _a(OCoLC)ocm12597780
040 _aDLC
_cDLC
_dOCL
_dPL#
019 _a12945578
020 _a8400056620 (set)
020 _a9788400056629 (set)
020 _a8400056639 (t.1)
020 _a8400057570 (t.2)
020 _a9788400057572
035 _a(OCoLC)12597780
_z(OCoLC)12945578
050 1 4 _aB E 125
_bC335G 1984
082 0 0 _a970.01/6/0924
049 _aGRAL
100 1 _aGiménez Fernández, Manuel.
245 1 0 _aBartolomé de las Casas /
_cManuel Giménez Fernández.
260 _aMadrid :
_bConsejo Superior de Investigaciones Científicas ;
_a[Sevilla] :
_bEscuela de Estudios Hispanoamericanos,
_c1984-
300 _av. <1-2> :
_bill. ;
_c24 cm.
500 _aReprint. Originally published: Sevilla : G.E.H.A., 1953. (Publicaciones de la Escuela de Estudios Hispano-Americanos de Sevilla ; 70)
500 _a"Documentos utilizados para la redacción del texto, ordenados cronológicamente y fechados entre la llegada a Sevilla de Bartolomé de Casas (6-X-1515) y los funerales del Cardenal Cisneros (14-XI-1517)": v. 1, p. [419]-684.
504 _aIncludes bibliographical references and indexes.
505 1 _a1. Delegado de Cisneros para la reformación de las Indias (1516-1517) -- v.2. Capellán de S.M. Carlos I poblador de Cumana (1517-1523)
600 1 0 _aCasas, Bartolomé de las,
_d1474-1566.
650 0 _aExplorers
_zAmerica
_vBiography.
650 0 _aExplorers
_zSpain
_vBiography.
650 0 _aMissionaries
_zAmerica
_vBiography.
650 0 _aMissionaries
_zSpain
_vBiography.
651 0 _aAmerica
_xDiscovery and exploration
_xSpanish.
650 0 _aIndians, Treatment of.
650 4 _aAmérica Latina
_aHistoria
_aDescubrimiento y conquista
_a1492-1600.
942 _2lcc
_cbk
994 _aC0
_bDRFGD
946 _acsexposito
999 _c88966
_d88966